Alaska-Yukon caribou. (Record no. 9668)
[ view plain ]
| 000 -LEADER | |
|---|---|
| fixed length control field | 00800cam a22002531 4500 |
| 001 - CONTROL NUMBER | |
| control field | agr35000394 |
| 003 - CONTROL NUMBER IDENTIFIER | |
| control field | DLC |
| 005 - DATE AND TIME OF LATEST TRANSACTION | |
| control field | 20260227110954.0 |
| 008 - FIXED-LENGTH DATA ELEMENTS--GENERAL INFORMATION | |
| fixed length control field | 780324s1935 dcuab b f000 0 eng c |
| 010 ## - LIBRARY OF CONGRESS CONTROL NUMBER | |
| LC control number | agr35000394 |
| 035 ## - SYSTEM CONTROL NUMBER | |
| System control number | (OCoLC)3746166 |
| 040 ## - CATALOGING SOURCE | |
| Original cataloging agency | U.S. Dept. of Agr. Library |
| Transcribing agency | NGenoU |
| Modifying agency | NGenoU |
| -- | ISS |
| -- | DLC |
| 043 ## - GEOGRAPHIC AREA CODE | |
| Geographic area code | n-us-ak |
| 050 00 - LIBRARY OF CONGRESS CALL NUMBER | |
| Classification number | QL155 |
| Item number | .A4 no. 54 |
| 051 ## - LIBRARY OF CONGRESS COPY, ISSUE, OFFPRINT STATEMENT | |
| Classification number | QL737.U5 |
| Item number | M87 |
| 086 0# - GOVERNMENT DOCUMENT CLASSIFICATION NUMBER | |
| Classification number | I 49.30:54 |
| 100 1# - MAIN ENTRY--PERSONAL NAME | |
| Personal name | Murie, Olaus Johan, |
| Dates associated with a name | 1889-1963. |
| 245 10 - TITLE STATEMENT | |
| Title | Alaska-Yukon caribou. |
| Statement of responsibility, etc. | By Olaus J. Murie. |
| 260 ## - PUBLICATION, DISTRIBUTION, ETC. | |
| Place of publication, distribution, etc. | Washington |
| Name of publisher, distributor, etc. | [U.S. Govt. Print. Off.] |
| Date of publication, distribution, etc. | 1935. |
| 300 ## - PHYSICAL DESCRIPTION | |
| Extent | 93 p. |
| Other physical details | illus. 10 pl. on 6 l., maps (1 double) |
| Dimensions | 23 cm. |
| 490 0# - SERIES STATEMENT | |
| Series statement | U.S. Bureau of Biological Survey. North American fauna |
| Volume/sequential designation | no. 54 |
| 504 ## - BIBLIOGRAPHY, ETC. NOTE | |
| Bibliography, etc. note | Bibliography: p. 83-90. |
| 650 #0 - SUBJECT ADDED ENTRY--TOPICAL TERM | |
| Topical term or geographic name entry element | Caribou. |
No items available.